书目信息 |
| 题名: |
契诃夫文集
|
|
| 作者: | 契诃夫 , Чехов 著 ;汝龙 译 | |
| 分册: | 第一卷 | |
| 出版信息: | 上海 上海译文出版社 1997 |
|
| 页数: | 478页 | |
| 开本: | 21cm | |
| 丛书名: | ||
| 单 册: | ||
| 中图分类: | I512.11 | |
| 科图分类: | ||
| 主题词: | 文学 | |
| 电子资源: | ||
| ISBN: | ||
| 000 | 00816nam0 2200277 45 | |
| 001 | 0198018473 | |
| 005 | 20060801151129.81 | |
| 010 | @dCNY1.75 | |
| 091 | @a10188.129 | |
| 100 | @a19980401d1997 emky0chiy0121 ea | |
| 101 | 1 | @achi@crus |
| 102 | @aCN@b310000 | |
| 105 | @ay z 000by | |
| 106 | @ar | |
| 200 | 10 | @a契诃夫文集@Aqi he fu wen ji@h第一卷@f(俄)契诃夫(А.П.Чехов)著@g汝龙译 |
| 210 | @a上海@c上海译文出版社@d1997 | |
| 215 | @a478页@d21cm | |
| 300 | @a据苏联国家文艺出版社1962年版译出 | |
| 600 | 1 | @a契诃夫@bА·P.@x文集 |
| 606 | 0 | @a文学 |
| 690 | @aI512.11@v3 | |
| 701 | 1 | @a契诃夫@Aqi he fu@bА.П.@4著 |
| 701 | A1 | @aЧехов@bА.П.@4著 |
| 702 | 0 | @a汝龙@Aru long@4译 |
| 801 | @aCN@bTSTC@c20060801 | |
| 905 | @dI512.11@e146:1@f2@b32982-983@f5@b32985-989@f1@b32991@f2@b230090-091 | |
| 契诃夫文集.第一卷/(俄)契诃夫(А.П.Чехов)著/汝龙译.-上海:上海译文出版社,1997 |
| 478页;21cm |
| 据苏联国家文艺出版社1962年版译出 |
| ISBN :CNY1.75 |
| ● |
| 相关链接 |
|
|
|
|
正题名:契诃夫文集
索取号:I512.11/146:1
 
预约/预借
| 序号 | 登录号 | 条形码 | 馆藏地/架位号 | 状态 | 备注 |
| 1 | 0032982 | 000662189 | 第二借阅区/ [索取号:I512.11/146:1] | 在馆 | |
| 2 | 0032983 | 000662170 | 第二借阅区/ [索取号:I512.11/146:1] | 在馆 | |
| 3 | 0032985 | 000662152 | 第二借阅区/ [索取号:I512.11/146:1] | 在馆 | |
| 4 | 0032986 | 000662143 | 第二借阅区/ [索取号:I512.11/146:1] | 在馆 | |
| 5 | 0032987 | 000662134 | 第二借阅区/ [索取号:I512.11/146:1] | 在馆 | |
| 6 | 0032988 | 000662125 | 第二借阅区/ [索取号:I512.11/146:1] | 在馆 | |
| 7 | 0032989 | 000662116 | 第二借阅区/ [索取号:I512.11/146:1] | 在馆 | |
| 8 | 0032990 | 001767001 | 密集书库/ [索取号:I512.11/146:1] | 在馆 | |
| 9 | 0032991 | 000662250 | 第二借阅区/ [索取号:I512.11/146:1] | 在馆 | |
| 10 | 0230090 | 000662161 | 第一样本阅览室/ [索取号:I512.11/146:1] | 在馆 | |
| 11 | 0230091 | 000662269 | 第二借阅区/ [索取号:I512.11/146:1] | 在馆 |